Obsahová analýza ako výskumná metóda v spoločenských vedách
Obsahová analýza – základná charakteristika. Obsahová analýza vo výskumnej praxi.
Salvato in:
| Autore principale: | |
|---|---|
| Natura: | Capitolo di libro |
| Lingua: | slovacco |
| Soggetti: | |
| Tags: |
Nessun Tag, puoi essere il primo ad aggiungerne!!
|
MARC
| LEADER | 00000naa$a2200000$$$4500 | ||
|---|---|---|---|
| 001 | 0257497 | ||
| 005 | 20240502074102.9 | ||
| 041 | 0 | |a slo | |
| 044 | |a SK | ||
| 245 | 1 | 0 | |a Obsahová analýza ako výskumná metóda v spoločenských vedách |c Martin Karas |
| 520 | |a Obsahová analýza – základná charakteristika. Obsahová analýza vo výskumnej praxi. | ||
| 610 | 2 | 0 | |a analýza obsahová |
| 610 | 2 | 0 | |a metodológia |
| 610 | 2 | 0 | |a výskum kvalitatívny |
| 610 | 2 | 0 | |a výskum kvantitatívny |
| 610 | 2 | 0 | |a vedy spoločenské |
| 100 | 1 | |a Karas, Martin, 1991- | |